| 000 | 00352nam a2200133 i 4500 | ||
|---|---|---|---|
| 001 | bg | ||
| 100 | 1 | _aNOWAK, L. | |
| 245 | 0 |
_aOptymatizacja acyklicznych przetworników elektromechanicznych z uwzględnieniem... / _cL.Nowak. |
|
| 260 |
_aPoznań, _c1988. |
||
| 040 | _cBPK | ||
| 041 | _apol | ||
| 942 | _cKS | ||
| 008 | s pl f |000 0 pol | ||
| 999 |
_c28763 _d28763 |
||
| 856 |
_uhttp://koha.tu.koszalin.pl/cgi-bin/koha/opac-detail.pl?biblionumber=28763 _yKatalog online BPK |
||